000 01112nam a22002297a 4500
005 20240530110509.0
008 151025s2010 ua abo f 000 0dara d
017 _a2010/24921
_bمصر . دار الكتب المصرية
040 _aEG-CaGPL
082 0 4 _221
_a327.16
_bق/ن ن
100 0 _aنجاح العشرى
245 1 0 _aنهر النيل و نزاع الموارد المائية العربية :
_bميلاد النهر و تكوينة الجيولوجى : الدور الصهيو / اكريكى المشبوه فى افريقيا و دول الحوض - ادارة ازمة نهر النيل و سيناريوهات الحل /
_cنجاح العشرى
250 _aط1
260 _aالقاهرة :
_bمكتبة جزيرة الورد ،
_c2010 .
300 _a112 ص :
_bخرائط ، صور ؛
_c24 سم +
_eملاحق .
650 0 4 _aنهر النيل
_xالاحوال السياسية
650 0 4 _aالمياه
_xقوانين و تشريعات
650 0 4 _aحق المياه
650 0 4 _aالمياه
_xمعايير
942 _2ddc
_cBK
999 _c61622
_d61622